书目信息 |
| 题名: |
精细化工装备
|
|
| 作者: | 李春燕 , 陆辟疆 主编 | |
| 分册: | ||
| 出版信息: | 北京 化学工业出版社 1996.01 |
|
| 页数: | 228页 | |
| 开本: | 16开 | |
| 丛书名: | ||
| 单 册: | ||
| 中图分类: | TQ05 | |
| 科图分类: | ||
| 主题词: | 化工机械 , 化工设备 | |
| 电子资源: | ||
| ISBN: | 7-5025-1575-5 | |
| 000 | 00617nam0 2200217 45 | |
| 001 | 0006171145 | |
| 005 | 20001002212504.1 | |
| 010 | @a7-5025-1575-5@d22.00元 | |
| 100 | @a20000617d1996 km y0chiy0120 ea | |
| 101 | 0 | @achi |
| 105 | @a z 000yy | |
| 200 | 1 | @a精细化工装备@AJing Xi Hua Gong Zhuang Bei@f李春燕,陆辟疆主编@FLi Chun Yan,Lu Pi Jiang Zhu Bian |
| 210 | @a北京@c化学工业出版社@d1996.01 | |
| 215 | @a228页@d16开 | |
| 606 | 0 | @a化工机械 |
| 606 | 0 | @a化工设备 |
| 690 | @aTQ05@v3 | |
| 701 | 0 | @a李春燕@4主编 |
| 701 | 0 | @a陆辟疆@4主编 |
| 801 | @aCN@bPftUser@c20000617 | |
| 905 | @dTQ05@eL909@b168031-035@f5 | |
| 精细化工装备/李春燕,陆辟疆主编.-北京:化学工业出版社,1996.01 |
| 228页;16开 |
| ISBN 7-5025-1575-5:22.00元 |
| ● |
| 相关链接 |
|
|
|
正题名:精细化工装备
索取号:TQ05/L909
 
预约/预借
| 序号 | 登录号 | 条形码 | 馆藏地/架位号 | 状态 | 备注 |
| 1 | 168031 | 201680314 | 期刊室512/501自科库 138排3列2层/ [索取号:TQ05/L909] | 在馆 | |
| 2 | 168032 | 201680323 | 自科库501/501自科库 138排3列2层/ [索取号:TQ05/L909] | 在馆 | |
| 3 | 168033 | 201680332 | 材料与化工学院资料室/ [索取号:TQ05/L909] | 在馆 | |
| 4 | 168034 | 201680341 | 自科库501/501自科库 138排3列2层/ [索取号:TQ05/L909] | 在馆 | |
| 5 | 168035 | 201680350 | 材料与化工学院资料室/ [索取号:TQ05/L909] | 在馆 |